[Event "ODJM A 2023"]
[Site "Willingen GER"]
[Date "2023.05.28"]
[Round "2"]
[White "Kruse, Victor"]
[Black "Menzel, Maximilian"]
[Result "1-0"]
[Termination "normal"]
[Board "8"]
[WhiteElo "1964"]
[BlackElo "1855"]
[WhiteClock "00:04:58"]
[BlackClock "00:04:31"]
[PlyCount "115"]
[WhiteFideId "16256964"]
[BlackFideId "34617280"]
[EventCountry "GER"]
[EventRounds "9"]
[EventType "swiss"]
[EventDate "2023.05.27"]

1. d4 {[%clk 01:30:58]} {[%emt 00:00:01]} Nf6 {[%clk 01:30:52]} {[%emt
00:00:09]} 2. c4 {[%clk 01:31:22]} {[%emt 00:00:05]} e6 {[%clk 01:31:18]}
{[%emt 00:00:03]} 3. Nf3 {[%clk 01:31:46]} {[%emt 00:00:07]} b6 {[%clk
01:31:43]} {[%emt 00:00:05]} 4. g3 {[%clk 01:32:04]} {[%emt 00:00:12]} Ba6
{[%clk 01:32:09]} {[%emt 00:00:04]} 5. b3 {[%clk 01:32:28]} {[%emt 00:00:07]}
Bb4+ {[%clk 01:32:35]} {[%emt 00:00:04]} 6. Bd2 {[%clk 01:32:27]} {[%emt
00:00:29]} Be7 {[%clk 01:32:58]} {[%emt 00:00:07]} 7. Nc3 {[%clk 01:32:08]}
{[%emt 00:00:50]} O-O {[%clk 01:33:23]} {[%emt 00:00:06]} 8. e4 {[%clk
01:31:46]} {[%emt 00:00:51]} d5 {[%clk 01:33:03]} {[%emt 00:00:50]} 9. cxd5
{[%clk 01:29:56]} {[%emt 00:02:20]} Bxf1 {[%clk 01:33:05]} {[%emt 00:00:27]}
10. Kxf1 {[%clk 01:30:15]} {[%emt 00:00:11]} exd5 {[%clk 01:33:17]} {[%emt
00:00:19]} 11. e5 {[%clk 01:30:36]} {[%emt 00:00:09]} Ne4 {[%clk 01:32:58]}
{[%emt 00:00:49]} 12. Kg2 {[%clk 01:25:54]} {[%emt 00:05:11]} Nc6 {[%clk
01:20:56]} {[%emt 00:12:32]} 13. Re1 {[%clk 01:24:10]} {[%emt 00:02:14]} Nxc3
{[%clk 01:19:16]} {[%emt 00:02:11]} 14. Bxc3 {[%clk 01:23:04]} {[%emt
00:01:36]} Qd7 {[%clk 01:17:23]} {[%emt 00:02:23]} 15. Ng1 {[%clk 01:22:49]}
{[%emt 00:00:44]} Nd8 {[%clk 01:15:48]} {[%emt 00:02:06]} 16. f4 {[%clk
01:22:56]} {[%emt 00:00:24]} Qf5 {[%clk 01:09:14]} {[%emt 00:07:04]} 17. Rc1
{[%clk 01:15:16]} {[%emt 00:08:09]} Ne6 {[%clk 01:06:43]} {[%emt 00:03:02]} 18.
Qf3 {[%clk 01:10:57]} {[%emt 00:04:49]} c5 {[%clk 00:55:25]} {[%emt 00:11:47]}
19. Ne2 {[%clk 01:07:02]} {[%emt 00:04:25]} g5 {[%clk 00:35:34]} {[%emt
00:20:21]} 20. Rcd1 {[%clk 00:43:00]} {[%emt 00:24:32]} gxf4 {[%clk 00:29:33]}
{[%emt 00:06:30]} 21. Nxf4 {[%clk 00:32:19]} {[%emt 00:11:12]} Nxf4+ {[%clk
00:16:44]} {[%emt 00:13:19]} 22. gxf4 {[%clk 00:25:09]} {[%emt 00:07:39]} Rad8
{[%clk 00:15:19]} {[%emt 00:01:56]} 23. Kh1 {[%clk 00:25:15]} {[%emt 00:00:24]}
h6 {[%clk 00:13:18]} {[%emt 00:02:31]} 24. Rg1+ {[%clk 00:21:42]} {[%emt
00:04:02]} Kh7 {[%clk 00:13:37]} {[%emt 00:00:12]} 25. Qg4 {[%clk 00:15:00]}
{[%emt 00:07:11]} Qxg4 {[%clk 00:10:17]} {[%emt 00:03:50]} 26. Rxg4 {[%clk
00:15:24]} {[%emt 00:00:07]} cxd4 {[%clk 00:09:33]} {[%emt 00:01:14]} 27. Bxd4
{[%clk 00:14:48]} {[%emt 00:01:05]} Rg8 {[%clk 00:06:26]} {[%emt 00:03:38]} 28.
Rg2 {[%clk 00:10:19]} {[%emt 00:04:59]} Rc8 {[%clk 00:06:05]} {[%emt 00:00:52]}
29. Rxg8 {[%clk 00:09:17]} {[%emt 00:01:30]} Rxg8 {[%clk 00:05:40]} {[%emt
00:00:56]} 30. Rc1 {[%clk 00:07:00]} {[%emt 00:02:47]} Rg4 {[%clk 00:05:31]}
{[%emt 00:00:39]} 31. Be3 {[%clk 00:06:48]} {[%emt 00:00:42]} Kg6 {[%clk
00:04:33]} {[%emt 00:01:27]} 32. Rc7 {[%clk 00:06:12]} {[%emt 00:01:06]} Bc5
{[%clk 00:04:44]} {[%emt 00:00:19]} 33. Bxc5 {[%clk 00:04:47]} {[%emt
00:01:56]} bxc5 {[%clk 00:05:10]} {[%emt 00:00:03]} 34. Rxc5 {[%clk 00:04:28]}
{[%emt 00:00:49]} Rxf4 {[%clk 00:05:27]} {[%emt 00:00:13]} 35. Rxd5 {[%clk
00:04:26]} {[%emt 00:00:33]} Rb4 {[%emt 00:05:28]} 36. Ra5 {[%clk 00:02:30]}
Rb7 {[%clk 00:03:14]} {[%emt 00:00:11]} 37. Kg2 {[%clk 00:01:45]} {[%emt
00:01:13]} Kf5 {[%clk 00:03:04]} {[%emt 00:00:42]} 38. Kf3 {[%clk 00:02:07]}
{[%emt 00:00:07]} Rc7 {[%clk 00:02:55]} {[%emt 00:00:41]} 39. Ke3 {[%clk
00:01:44]} {[%emt 00:00:52]} h5 {[%clk 00:02:49]} {[%emt 00:00:37]} 40. Kd4
{[%clk 00:01:06]} {[%emt 00:01:07]} h4 {[%clk 00:02:12]} {[%emt 00:01:08]} 41.
Ra6 {[%clk 00:00:31]} {[%emt 00:01:04]} Kg4 {[%clk 00:30:08]} {[%emt 00:02:34]}
42. b4 {[%clk 00:17:29]} {[%emt 00:13:32]} Kh3 {[%clk 00:12:20]} {[%emt
00:18:18]} 43. Rh6 {[%clk 00:11:44]} {[%emt 00:06:15]} Kxh2 {[%clk 00:09:18]}
{[%emt 00:03:30]} 44. Rxh4+ {[%clk 00:12:00]} {[%emt 00:00:16]} Kg3 {[%clk
00:09:44]} {[%emt 00:00:04]} 45. Rh7 {[%clk 00:12:18]} {[%emt 00:00:10]} Re7
{[%clk 00:09:42]} {[%emt 00:00:34]} 46. Rh6 {[%clk 00:11:28]} {[%emt 00:01:19]}
Rb7 {[%clk 00:08:20]} {[%emt 00:01:53]} 47. a3 {[%clk 00:11:40]} {[%emt
00:00:18]} Kf3 {[%clk 00:08:16]} {[%emt 00:00:34]} 48. Rf6+ {[%clk 00:11:48]}
{[%emt 00:00:22]} Ke2 {[%clk 00:08:27]} {[%emt 00:00:19]} 49. Kc5 {[%clk
00:10:13]} {[%emt 00:02:04]} Kd3 {[%clk 00:08:05]} {[%emt 00:00:53]} 50. Rf4
{[%clk 00:08:01]} {[%emt 00:02:41]} Ke3 {[%clk 00:06:59]} {[%emt 00:01:37]} 51.
Rh4 {[%clk 00:08:19]} {[%emt 00:00:10]} Re7 {[%clk 00:06:20]} {[%emt 00:01:11]}
52. Kd6 {[%clk 00:08:24]} {[%emt 00:00:24]} Rb7 {[%clk 00:06:45]} {[%emt
00:00:06]} 53. a4 {[%emt 00:01:30]} Kd3 {[%clk 00:05:45]} {[%emt 00:01:28]} 54.
b5 {[%clk 00:06:58]} {[%emt 00:00:58]} Ke3 {[%clk 00:05:51]} {[%emt 00:00:24]}
55. Rc4 {[%clk 00:06:44]} {[%emt 00:00:44]} Kd3 {[%clk 00:04:24]} {[%emt
00:01:57]} 56. Rc7 {[%clk 00:05:16]} {[%emt 00:01:58]} Rb6+ {[%clk 00:04:47]}
{[%emt 00:00:08]} 57. Kd5 {[%clk 00:04:58]} {[%emt 00:00:45]} a6 {[%clk
00:04:31]} {[%emt 00:00:48]} 58. Rc6 {[%emt 00:00:46]} 1-0

[Event "ODJM A 2023"]
[Site "Willingen GER"]
[Date "2023.05.28"]
[Round "2"]
[White "Hofmann, Lorenz"]
[Black "Möller, Tom"]
[Result "1-0"]
[Termination "normal"]
[Board "10"]
[WhiteElo "2061"]
[BlackElo "1417"]
[WhiteClock "01:19:08"]
[BlackClock "00:35:23"]
[PlyCount "44"]
[WhiteFideId "12995509"]
[BlackFideId "16287215"]
[EventCountry "GER"]
[EventRounds "9"]
[EventType "swiss"]
[EventDate "2023.05.27"]

1. e4 {[%clk 01:30:58]} {[%emt 00:00:01]} c5 {[%clk 01:30:55]} {[%emt
00:00:05]} 2. Nf3 {[%clk 01:31:24]} {[%emt 00:00:04]} e6 {[%clk 01:31:16]}
{[%emt 00:00:10]} 3. d4 {[%clk 01:31:50]} {[%emt 00:00:03]} cxd4 {[%clk
01:31:43]} {[%emt 00:00:03]} 4. Nxd4 {[%clk 01:32:17]} {[%emt 00:00:04]} Nc6
{[%clk 01:31:56]} {[%emt 00:00:17]} 5. Nc3 {[%clk 01:32:42]} {[%emt 00:00:04]}
Qc7 {[%clk 01:31:31]} {[%emt 00:00:56]} 6. Qd3 {[%clk 01:33:07]} {[%emt
00:00:05]} a6 {[%clk 01:27:20]} {[%emt 00:04:42]} 7. Nxc6 {[%clk 01:33:03]}
{[%emt 00:00:34]} bxc6 {[%clk 01:27:19]} {[%emt 00:00:29]} 8. Qg3 {[%clk
01:33:20]} {[%emt 00:00:13]} Qxg3 {[%clk 01:25:45]} {[%emt 00:02:05]} 9. hxg3
{[%clk 01:33:46]} {[%emt 00:00:04]} d5 {[%clk 01:25:15]} {[%emt 00:01:00]} 10.
Bd3 {[%clk 01:33:30]} {[%emt 00:00:45]} Nf6 {[%clk 01:22:43]} {[%emt 00:03:02]}
11. Bd2 {[%clk 01:31:42]} {[%emt 00:02:18]} Bc5 {[%clk 01:18:59]} {[%emt
00:04:13]} 12. f3 {[%clk 01:31:05]} {[%emt 00:01:08]} h6 {[%clk 01:11:37]}
{[%emt 00:07:53]} 13. g4 {[%clk 01:29:23]} {[%emt 00:02:12]} h5 {[%clk
00:54:26]} {[%emt 00:17:40]} 14. O-O-O {[%clk 01:23:49]} {[%emt 00:06:05]} Ke7
{[%clk 00:42:07]} {[%emt 00:12:49]} 15. Bg5 {[%clk 01:21:28]} {[%emt 00:02:51]}
Bd4 {[%clk 00:37:12]} {[%emt 00:05:24]} 16. Ne2 {[%clk 01:19:22]} {[%emt
00:02:36]} Be5 {[%clk 00:35:42]} {[%emt 00:02:01]} 17. f4 {[%clk 01:19:25]}
{[%emt 00:00:27]} dxe4 {[%clk 00:36:06]} {[%emt 00:00:05]} 18. fxe5 {[%clk
01:19:47]} {[%emt 00:00:09]} exd3 {[%clk 00:36:27]} {[%emt 00:00:09]} 19. Rxd3
{[%clk 01:20:10]} {[%emt 00:00:07]} Bb7 {[%clk 00:36:25]} {[%emt 00:00:32]} 20.
gxh5 {[%clk 01:20:01]} {[%emt 00:00:39]} c5 {[%clk 00:36:39]} {[%emt 00:00:16]}
21. h6 {[%clk 01:19:23]} {[%emt 00:01:07]} a5 {[%clk 00:35:26]} {[%emt
00:01:43]} 22. Rhd1 {[%clk 01:19:08]} {[%emt 00:00:46]} Bd5 {[%clk 00:35:23]}
{[%emt 00:00:32]} 1-0

[Event "ODJM A 2023"]
[Site "Willingen GER"]
[Date "2023.05.28"]
[Round "2"]
[White "Schulz, Jannis"]
[Black "Stork, Christopher"]
[Result "1/2-1/2"]
[Termination "normal"]
[Board "11"]
[WhiteElo "1802"]
[BlackElo "2035"]
[WhiteClock "00:00:44"]
[BlackClock "00:04:48"]
[PlyCount "97"]
[WhiteFideId "16224710"]
[BlackFideId "16215400"]
[EventCountry "GER"]
[EventRounds "9"]
[EventType "swiss"]
[EventDate "2023.05.27"]

1. d4 {[%clk 01:30:57]} {[%emt 00:00:02]} Nf6 {[%clk 01:30:51]} {[%emt
00:00:09]} 2. Bf4 {[%clk 01:30:41]} {[%emt 00:00:46]} d5 {[%clk 01:31:14]}
{[%emt 00:00:08]} 3. e3 {[%clk 01:31:02]} {[%emt 00:00:09]} c5 {[%clk
01:31:39]} {[%emt 00:00:05]} 4. c3 {[%clk 01:31:20]} {[%emt 00:00:12]} Nc6
{[%clk 01:32:04]} {[%emt 00:00:05]} 5. Nf3 {[%clk 01:31:32]} {[%emt 00:00:18]}
Qb6 {[%clk 01:30:54]} {[%emt 00:01:39]} 6. Qc2 {[%clk 01:28:38]} {[%emt
00:03:24]} g6 {[%clk 01:26:04]} {[%emt 00:05:20]} 7. Nbd2 {[%clk 01:27:42]}
{[%emt 00:01:27]} Bg7 {[%clk 01:24:21]} {[%emt 00:02:12]} 8. h3 {[%clk
01:26:41]} {[%emt 00:01:31]} O-O {[%clk 01:24:31]} {[%emt 00:00:20]} 9. Ne5
{[%clk 01:25:15]} {[%emt 00:01:56]} cxd4 {[%clk 01:11:51]} {[%emt 00:13:11]}
10. exd4 {[%clk 01:24:07]} {[%emt 00:01:37]} Bf5 {[%clk 01:02:13]} {[%emt
00:10:08]} 11. Qb3 {[%clk 01:22:08]} {[%emt 00:02:29]} Rac8 {[%clk 00:52:36]}
{[%emt 00:10:07]} 12. g4 {[%clk 01:16:58]} {[%emt 00:05:40]} Be6 {[%clk
00:51:28]} {[%emt 00:01:37]} 13. Bg2 {[%clk 01:16:51]} {[%emt 00:00:38]} Qa6
{[%clk 00:48:23]} {[%emt 00:03:36]} 14. Bf1 {[%clk 01:14:00]} {[%emt 00:03:21]}
Qb6 {[%clk 00:48:45]} {[%emt 00:00:07]} 15. Be2 {[%clk 01:07:35]} {[%emt
00:06:55]} Rfd8 {[%clk 00:45:12]} {[%emt 00:04:02]} 16. O-O {[%clk 01:06:05]}
{[%emt 00:02:01]} Nxe5 {[%clk 00:36:54]} {[%emt 00:08:48]} 17. Bxe5 {[%clk
01:05:44]} {[%emt 00:00:52]} Nd7 {[%clk 00:35:27]} {[%emt 00:01:57]} 18. Bxg7
{[%clk 01:04:21]} {[%emt 00:01:54]} Kxg7 {[%clk 00:35:50]} {[%emt 00:00:06]}
19. f4 {[%clk 01:03:39]} {[%emt 00:01:12]} Qc7 {[%clk 00:34:58]} {[%emt
00:01:23]} 20. Kg2 {[%clk 01:01:54]} {[%emt 00:02:14]} f6 {[%clk 00:33:36]}
{[%emt 00:01:52]} 21. Qa3 {[%clk 00:57:09]} {[%emt 00:05:15]} Nb6 {[%clk
00:33:19]} {[%emt 00:00:47]} 22. Rae1 {[%clk 00:57:18]} {[%emt 00:00:22]} Bf7
{[%clk 00:31:29]} {[%emt 00:02:20]} 23. Bb5 {[%clk 00:53:35]} {[%emt 00:04:13]}
e6 {[%clk 00:28:49]} {[%emt 00:03:11]} 24. Nb3 {[%clk 00:51:10]} {[%emt
00:02:54]} a6 {[%clk 00:27:50]} {[%emt 00:01:30]} 25. Bd3 {[%clk 00:51:29]}
{[%emt 00:00:11]} Re8 {[%clk 00:23:41]} {[%emt 00:04:39]} 26. Nd2 {[%clk
00:46:25]} {[%emt 00:05:34]} Nd7 {[%clk 00:20:53]} {[%emt 00:03:18]} 27. Re2
{[%clk 00:37:52]} {[%emt 00:09:03]} Rf8 {[%clk 00:19:41]} {[%emt 00:01:42]} 28.
Nf3 {[%clk 00:34:51]} {[%emt 00:03:30]} Rce8 {[%clk 00:19:59]} {[%emt
00:00:13]} 29. Qb4 {[%clk 00:27:11]} {[%emt 00:08:10]} Kg8 {[%clk 00:17:56]}
{[%emt 00:02:32]} 30. Ref2 {[%clk 00:20:47]} {[%emt 00:06:53]} Kg7 {[%clk
00:17:00]} {[%emt 00:01:26]} 31. Bc2 {[%clk 00:18:09]} {[%emt 00:03:08]} Bg8
{[%clk 00:15:21]} {[%emt 00:02:10]} 32. a4 {[%clk 00:17:20]} {[%emt 00:01:19]}
Bf7 {[%clk 00:13:45]} {[%emt 00:02:07]} 33. a5 {[%clk 00:16:58]} {[%emt
00:00:52]} Rb8 {[%clk 00:12:41]} {[%emt 00:01:34]} 34. Ba4 {[%clk 00:13:34]}
{[%emt 00:03:53]} b5 {[%clk 00:12:48]} {[%emt 00:00:23]} 35. Bc2 {[%clk
00:13:52]} {[%emt 00:00:12]} Rbc8 {[%clk 00:10:42]} {[%emt 00:02:37]} 36. Bd3
{[%clk 00:13:39]} {[%emt 00:00:42]} Nb8 {[%clk 00:10:17]} {[%emt 00:00:55]} 37.
g5 {[%clk 00:10:08]} {[%emt 00:04:01]} f5 {[%clk 00:09:44]} {[%emt 00:01:03]}
38. Ne5 {[%clk 00:08:23]} {[%emt 00:02:16]} Nc6 {[%clk 00:08:51]} {[%emt
00:01:23]} 39. Nxc6 {[%clk 00:08:36]} {[%emt 00:00:17]} Qxc6 {[%clk 00:09:20]}
{[%emt 00:00:01]} 40. h4 {[%clk 00:07:44]} {[%emt 00:01:22]} Qc7 {[%clk
00:08:58]} {[%emt 00:00:51]} 41. Be2 {[%clk 00:06:54]} {[%emt 00:01:20]} Rh8
{[%clk 00:07:54]} {[%emt 00:01:34]} 42. Rh1 {[%clk 00:03:23]} {[%emt 00:04:01]}
h6 {[%clk 00:07:27]} {[%emt 00:00:57]} 43. Rff1 {[%clk 00:02:57]} {[%emt
00:00:56]} Rh7 {[%clk 00:05:43]} {[%emt 00:02:15]} 44. h5 {[%clk 00:00:39]}
{[%emt 00:02:48]} hxg5 {[%clk 00:05:00]} {[%emt 00:01:12]} 45. hxg6 {[%clk
00:00:58]} {[%emt 00:00:11]} Rxh1 {[%clk 00:05:15]} {[%emt 00:00:15]} 46. Rxh1
{[%clk 00:01:19]} {[%emt 00:00:09]} Bxg6 {[%clk 00:05:38]} {[%emt 00:00:08]}
47. fxg5 {[%clk 00:01:11]} {[%emt 00:00:38]} Qd8 {[%clk 00:05:23]} {[%emt
00:00:44]} 48. Kf2 {[%clk 00:00:59]} {[%emt 00:00:42]} Qc7 {[%clk 00:04:48]}
{[%emt 00:01:06]} 49. Bf3 {[%clk 00:00:44]} {[%emt 00:00:44]} 1/2-1/2

[Event "ODJM A 2023"]
[Site "Willingen GER"]
[Date "2023.05.28"]
[Round "2"]
[White "Hoffmann, Kay"]
[Black "Gluma, Christian"]
[Result "1-0"]
[Termination "normal"]
[Board "12"]
[WhiteElo "1805"]
[BlackElo "2161"]
[WhiteClock "00:05:37"]
[BlackClock "00:03:53"]
[PlyCount "79"]
[WhiteFideId "16227000"]
[BlackFideId "16223209"]
[EventCountry "GER"]
[EventRounds "9"]
[EventType "swiss"]
[EventDate "2023.05.27"]

1. d4 {[%clk 01:30:58]} {[%emt 00:00:02]} g6 {[%clk 01:30:56]} {[%emt
00:00:05]} 2. c4 {[%clk 01:31:10]} {[%emt 00:00:18]} Bg7 {[%clk 01:31:19]}
{[%emt 00:00:05]} 3. Nc3 {[%clk 01:31:33]} {[%emt 00:00:08]} d6 {[%clk
01:31:40]} {[%emt 00:00:09]} 4. e4 {[%clk 01:31:49]} {[%emt 00:00:15]} e5
{[%clk 01:32:03]} {[%emt 00:00:06]} 5. d5 {[%clk 01:32:14]} {[%emt 00:00:05]}
f5 {[%clk 01:32:22]} {[%emt 00:00:11]} 6. exf5 {[%clk 01:31:54]} {[%emt
00:00:50]} Bxf5 {[%clk 01:31:51]} {[%emt 00:01:01]} 7. Nge2 {[%clk 01:31:38]}
{[%emt 00:00:45]} Nf6 {[%clk 01:31:43]} {[%emt 00:00:37]} 8. Ng3 {[%clk
01:31:01]} {[%emt 00:01:07]} O-O {[%clk 01:20:08]} {[%emt 00:12:06]} 9. Bd3
{[%clk 01:27:56]} {[%emt 00:03:36]} Qd7 {[%clk 01:07:40]} {[%emt 00:12:58]} 10.
h4 {[%clk 01:25:06]} {[%emt 00:03:19]} Na6 {[%clk 00:56:11]} {[%emt 00:12:00]}
11. Be3 {[%clk 01:11:55]} {[%emt 00:13:41]} Ng4 {[%clk 00:51:17]} {[%emt
00:05:23]} 12. h5 {[%clk 01:06:55]} {[%emt 00:05:29]} Nxe3 {[%clk 00:44:18]}
{[%emt 00:07:30]} 13. fxe3 {[%clk 01:07:19]} {[%emt 00:00:07]} Bxd3 {[%clk
00:42:43]} {[%emt 00:02:05]} 14. Qxd3 {[%clk 01:07:32]} {[%emt 00:00:17]} Nc5
{[%clk 00:35:05]} {[%emt 00:08:07]} 15. Qe2 {[%clk 01:04:10]} {[%emt 00:03:52]}
e4 {[%clk 00:30:59]} {[%emt 00:04:36]} 16. Ngxe4 {[%clk 01:02:38]} {[%emt
00:02:01]} Nxe4 {[%clk 00:27:53]} {[%emt 00:03:37]} 17. Nxe4 {[%clk 00:59:32]}
{[%emt 00:03:35]} Rae8 {[%clk 00:26:55]} {[%emt 00:01:28]} 18. Ng5 {[%clk
00:58:08]} {[%emt 00:01:54]} Rf5 {[%clk 00:21:11]} {[%emt 00:06:15]} 19. Ne6
{[%clk 00:57:05]} {[%emt 00:01:33]} c6 {[%clk 00:19:06]} {[%emt 00:02:35]} 20.
e4 {[%clk 00:53:24]} {[%emt 00:04:11]} Re5 {[%clk 00:19:11]} {[%emt 00:00:26]}
21. hxg6 {[%clk 00:48:40]} {[%emt 00:05:14]} hxg6 {[%clk 00:16:33]} {[%emt
00:03:08]} 22. Rc1 {[%clk 00:45:55]} {[%emt 00:03:14]} R8xe6 {[%clk 00:14:09]}
{[%emt 00:02:54]} 23. dxe6 {[%clk 00:45:14]} {[%emt 00:01:11]} Qxe6 {[%clk
00:14:33]} {[%emt 00:00:07]} 24. Rh4 {[%clk 00:41:52]} {[%emt 00:03:51]} Qf6
{[%clk 00:13:14]} {[%emt 00:01:49]} 25. Rg4 {[%clk 00:26:30]} {[%emt 00:15:51]}
Rh5 {[%clk 00:13:11]} {[%emt 00:00:34]} 26. Rc3 {[%clk 00:18:19]} {[%emt
00:08:41]} Rh1+ {[%clk 00:08:43]} {[%emt 00:04:58]} 27. Kd2 {[%clk 00:18:43]}
{[%emt 00:00:05]} Qd4+ {[%clk 00:01:12]} {[%emt 00:08:01]} 28. Kc2 {[%clk
00:19:07]} {[%emt 00:00:07]} Qg1 {[%clk 00:01:18]} {[%emt 00:00:23]} 29. Rxg6
{[%clk 00:17:29]} {[%emt 00:02:09]} Kh7 {[%clk 00:01:27]} {[%emt 00:00:22]} 30.
Rxg7+ {[%clk 00:15:56]} {[%emt 00:02:03]} Kxg7 {[%clk 00:01:53]} {[%emt
00:00:05]} 31. Qg4+ {[%clk 00:16:20]} {[%emt 00:00:05]} Kh6 {[%clk 00:02:16]}
{[%emt 00:00:07]} 32. Rh3+ {[%clk 00:14:06]} {[%emt 00:02:44]} Rxh3 {[%clk
00:02:41]} {[%emt 00:00:04]} 33. Qxh3+ {[%clk 00:12:16]} {[%emt 00:02:19]} Kg5
{[%clk 00:03:02]} {[%emt 00:00:10]} 34. Qf5+ {[%clk 00:07:30]} {[%emt
00:05:15]} Kh4 {[%clk 00:03:09]} {[%emt 00:00:24]} 35. Qf4+ {[%clk 00:04:14]}
{[%emt 00:03:46]} Kh5 {[%clk 00:03:31]} {[%emt 00:00:08]} 36. Qf5+ {[%clk
00:04:34]} {[%emt 00:00:10]} Kh4 {[%clk 00:03:54]} {[%emt 00:00:07]} 37. Qf3
{[%clk 00:04:36]} {[%emt 00:00:27]} Qc5 {[%clk 00:03:31]} {[%emt 00:00:54]} 38.
Qf4+ {[%clk 00:04:48]} {[%emt 00:00:18]} Kh5 {[%clk 00:03:48]} {[%emt
00:00:13]} 39. Qf5+ {[%clk 00:05:12]} {[%emt 00:00:06]} Qxf5 {[%clk 00:03:53]}
{[%emt 00:00:25]} 40. exf5 {[%clk 00:05:37]} {[%emt 00:00:05]} 1-0